Citizen's charters and public service provision: lessons from the UK experience (Record no. 43428)

000 -LEADER
fixed length control field 00503pab a2200169 454500
008 - FIXED-LENGTH DATA ELEMENTS--GENERAL INFORMATION
fixed length control field 180718b1999 xxu||||| |||| 00| 0 eng d
100 ## - MAIN ENTRY--PERSONAL NAME
Personal name Falconer, Peter K.
245 ## - TITLE STATEMENT
Title Citizen's charters and public service provision: lessons from the UK experience
260 ## - PUBLICATION, DISTRIBUTION, ETC.
Date of publication, distribution, etc. 1999
300 ## - PHYSICAL DESCRIPTION
Extent p.339-51
362 ## - DATES OF PUBLICATION AND/OR SEQUENTIAL DESIGNATION
Dates of publication and/or sequential designation Sep
650 ## - SUBJECT ADDED ENTRY--TOPICAL TERM
Topical term or geographic name entry element Citizens charter - Great Britain
650 ## - SUBJECT ADDED ENTRY--TOPICAL TERM
Topical term or geographic name entry element Citizens charter
700 ## - ADDED ENTRY--PERSONAL NAME
Personal name Ross, Kathleen
773 ## - HOST ITEM ENTRY
Main entry heading International Review of Administrative Sciences
909 ## -
-- 43428
Holdings
Withdrawn status Lost status Damaged status Not for loan Permanent Location Current Location Date acquired Serial Enumeration / chronology Barcode Date last seen Price effective from Koha item type
        Indian Institute of Public Administration Indian Institute of Public Administration 2018-07-19 Volume no: 65, Issue no: 3 AR43823 2018-07-19 2018-07-19 Articles

Powered by Koha